000 01609cad a22002655a 4500
001 L142859
008 080312s xxk f 000 0 eng d
035 _a(Sirsi) u142859
041 0 _aeng
050 0 4 _a711.3 $2 18
110 1 _aUnited Kingdom
_kLaws, etc
_95044
245 0 4 _aThe Town and Country Planning (General Development Procedure) (Amendment) (England) Order 2008
_h[electronic resource]
490 0 _aStatutory Instrument
_v2008: 550
520 _aComes into force 6 April 2008. Makes alterations to the Town and Country Planning (General Development Procedure) Order 1995 (011052506X) in respect of England. That previous order had set out procedures connected with planning appeals, appeals to the Secretary of State and matters relating to this which were not specified within the Town and Country Planning Act 1990 (E1153). Permits the installation of ground source heat pumps and solar panels within specified size limits without the need for planning permission.
521 2 _aAdvanced
590 _aKA NTK
650 2 4 _aTOWN AND COUNTRY PLANNING (GENERAL DEVELOPMENT PROCEDURE) (AMENDMENT) (ENGLAND) ORDER 2008
650 2 4 _aTOWN AND COUNTRY PLANNING (GENERAL DEVELOPMENT PROCEDURE) ORDER 1995
650 2 4 _aTOWN AND COUNTRY PLANNING ACT 1990
651 4 _aEngland
_y886-
690 _aENVIRONMENTAL AND LAND CONSULTANCY-PLANNING AND DEVELOPMENT-DEVELOPMENT CONTROL-PLANNING APPLICATIONS
690 _aENVIRONMENTAL AND LAND CONSULTANCY-ENERGY
856 4 0 _uhttps://www.opsi.gov.uk/si/si2008/uksi_20080550_en_1
_zView the item free of charge at www.opsi.gov.uk...
942 _n0
999 _c108002
_d108002